000 00948cab a2200337 4500
001 ABS48010
008 090401t1993 xxu||||| |||| 00| 0 eng d
035 _a(Sirsi) u64426
041 _aeng
245 _aFocus `93: M27 corridor
260 _c1993
350 _a0
490 _aEstates Gazette
_v(9308) 27 February 1993, 45-75(12)
650 _aFAREHAM
650 _aHAMPSHIRE
650 _aHEDGE END
650 _aINDUSTRIAL MARKET
650 _aLEISURE
650 _aM27 CORRIDOR
650 _aPROPERTY-COMMERCIAL PROPERTY-OFFICE PROPERTY-OFFICE PROPERTY MARKET
650 _aPORTSMOUTH
650 _aRAPID TRANSIT
650 _aPROPERTY-COMMERCIAL PROPERTY-RETAIL PROPERTY-RETAIL PROPERTY MARKET
650 _aSOLENT
650 _aSOUTH COAST OF ENGLAND
650 _aSOUTHAMPTON
650 _aTRANSPORT
690 _aPROPERTY-COMMERCIAL PROPERTY-COMMERCIAL PROPERTY MARKET
942 _n0
948 _c04/03/1997
999 _c40127
_d40127